| 000 | 00643nam a2200193 a 4500 | ||
|---|---|---|---|
| 001 | 000042618 | ||
| 005 | 20201002040258.0 | ||
| 008 | 140203s2002 sp ac 000 0 spa d | ||
| 020 | _a8467001046 | ||
| 040 |
_aDO-SdBNP _bspa _cBNPHU |
||
| 082 |
_axxxx _bF738a |
||
| 100 | 1 |
_aFortes, Susana, _d1959- _969876 |
|
| 245 | 1 | 0 |
_aAdiós, Muñeca : _bcuaderno de Cine / _cSusana Fortes ; prólogo de Bigas Luna. |
| 260 |
_aMadrid : _bEspasa Calpe, _c2002. |
||
| 300 |
_a199 p., [16] p. de lám. ; _c23 cm. |
||
| 500 | _aIncluye datos biográficos de la autora en la solapas | ||
| 590 | _aInventariado, 2019 /LP | ||
| 700 | 1 | 2 |
_aLuna, Bigas, _epról. _969877 |
| 999 |
_c42107 _d42107 |
||